000 01047nam0a2200349 4500
001 RU\NLR\bibl\189356
005 20250619085253.0
010 _a5-7905-0742-5
_910000
021 _aRU
_b2001-1886
_9101
035 _a(NLR Aleph) 000185890
090 _a1074076
_c1074076
100 _a20010926d2000 |||y0rusy50 ca
101 0 _arus
102 _aRU
105 _ay |||||||||
200 1 _aУзнай свои прошлые жизни
_fА. Ходус, Б. Ново
210 _aМ.
_cРИПОЛ КЛАССИК
_d2000
215 _a317,[1] с.
_cил.
_d21
606 0 _aРеинкарнация
_91567420
_3RU\NLR\auth\66986222
610 0 _aРеинкарнация
675 _a163
_v3
_zrus
686 _a02
_2rugasnti
686 _a86.42
_2rubbk
686 _aЮ96
700 1 _aХодус
_bА.
_gАлександр
_4070
701 1 _aНово
_bБ.
_gБохо
_4070
801 0 _aRU
_bRKP
_c20010926
_gPSBO
801 1 _aRU
_bRKP
_c20010926
801 2 _aRU
_bNLR
_c20011204
_grcr
942 _cBOOK
980 _aNB